| 000 | 00537nam a22001817a 4500 | ||
|---|---|---|---|
| 005 | 20251108165023.0 | ||
| 008 | 250721s1993 xx 000 0 ara d | ||
| 082 | 1 | 4 | _a659.1/قحط |
| 100 | 1 | _aالعبدلي، قحطان بدر | |
| 245 | 1 | 0 | _aالدعاية و الإعلان / |
| 264 | 1 |
_aعمان : _bمكتبة بغدادي، _c1993. |
|
| 300 | _a216ص | ||
| 650 | 1 | 7 | _aالدعاية |
| 650 | 1 | 7 | _aالإعلان التجاري |
| 700 | 1 | _aالعبدلي، سمير عبد الرزاق | |
| 942 |
_2ddc _cBK |
||
| 999 |
_c20074 _d20074 |
||